Inside Out 2 Emotions by Cast Members - Statistics

General Stats
  • This quiz has been taken 11 times
  • The average score is 5 of 9
Answer Stats
Answer % Correct
Joy
89%
Disgust
78%
Sadness
78%
Anger
67%
Anxiety
67%
Fear
67%
Envy
33%
Embarrassment
22%
Ennui (Boredom)
22%
No matching quizzes found
Score Distribution
Percent of People with Each Score
Percentile by Number Answered
Your Score History
You have not taken this quiz